Directorio manual teórico práctico de misiones y ejercicios: técnica y espíritu
Uloženo v:
| Hlavní autor: | |
|---|---|
| Médium: | Kniha |
| Jazyk: | španělština |
| Vydáno: |
Santander
Sal Terrae
1952
|
| Vydání: | 1a. ed |
| Témata: | |
| Tagy: |
Přidat tag
Žádné tagy, Buďte první, kdo vytvoří štítek k tomuto záznamu!
|
MARC
| LEADER | 00000cam a2200000 a 4500 | ||
|---|---|---|---|
| 001 | UCD0736 | ||
| 003 | CL-VaPUC | ||
| 008 | 151210e19520000sp |||||||||||||||||spa|d | ||
| 082 | 0 | 4 | |a 266 |b SAN |2 21 |
| 100 | 0 | |a Sánchez-Céspedes, Gregorio |e author |9 583750 | |
| 245 | 1 | 0 | |a Directorio manual teórico práctico de misiones y ejercicios: técnica y espíritu |
| 250 | |a 1a. ed | ||
| 300 | |a t | ||
| 942 | |c BK | ||
| 945 | |d 20151210 22:58:00 |a gsalatino | ||
| 260 | |a Santander |b Sal Terrae |c 1952 | ||
| 650 | 7 | |a EVANGELIZACION |2 CL-VaPUC |9 583751 | |
| 650 | 7 | |a MISIONES CATOLICAS |2 CL-VaPUC |9 265978 | |
| 650 | 7 | |a MISIONES CRISTIANAS |2 CL-VaPUC |9 469982 | |
| 583 | |a last modification |c 20151210 22:58:00 |k Rodrigo Vera | ||
| 999 | |c 362198 |d 362196 | ||
| 952 | |0 0 |1 0 |3 erb |4 0 |6 266_000000000000000_SAN_1952 |7 0 |8 P |9 473157 |a BIBTEO |b BIBTES |c TEO_FTES |i 5273188 |o 266 SAN 1952 |p 5273188 |r 2024-01-18 |w 2019-11-24 |y BK |z Catalogado en:20151210 |k ICR | ||